God blessed me with a heart attack : (Record no. 7474)

MARC details
000 -LEADER
fixed length control field 00607nam a2200181Ia 4500
003 - CONTROL NUMBER IDENTIFIER
control field GBCCL
005 - DATE AND TIME OF LATEST TRANSACTION
control field 20241126110629.0
008 - FIXED-LENGTH DATA ELEMENTS--GENERAL INFORMATION
fixed length control field 180816b ||||| |||| 00| 0 eng d
040 ## - CATALOGING SOURCE
Transcribing agency gbc
082 ## - DEWEY DECIMAL CLASSIFICATION NUMBER
Classification number 289.9092
Item number DUN
100 ## - MAIN ENTRY--PERSONAL NAME
Personal name Dunwoody, Richard G
9 (RLIN) 13213
245 ## - TITLE STATEMENT
Title God blessed me with a heart attack :
Remainder of title an adventure in trust
260 ## - PUBLICATION, DISTRIBUTION, ETC.
Place of publication, distribution, etc. Grand Rapids, Mich. :
Name of publisher, distributor, etc. Zondervan Pub. House,
Date of publication, distribution, etc. ©1961.
650 ## - SUBJECT ADDED ENTRY--TOPICAL TERM
Topical term or geographic name entry element Dunwoody, Richard G.
9 (RLIN) 13214
650 ## - SUBJECT ADDED ENTRY--TOPICAL TERM
Topical term or geographic name entry element Evangelical United Brethren Church -- Clergy -- Biography.
9 (RLIN) 13215
650 ## - SUBJECT ADDED ENTRY--TOPICAL TERM
Topical term or geographic name entry element Evangelical United Brethren Church.
9 (RLIN) 13216
942 ## - ADDED ENTRY ELEMENTS (KOHA)
Source of classification or shelving scheme Dewey Decimal Classification
Koha item type Books
Holdings
Withdrawn status Lost status Source of classification or shelving scheme Damaged status Not for loan Home library Current Library Shelving location Date acquired Total checkouts Full call number Barcode Date last seen Copy number Price effective from Koha item type
    Dewey Decimal Classification     GRACE BIBLE COLLEGE GRACE BIBLE COLLEGE Church History 2018-08-16   289.9092 DUN 002640 2025-05-01 c.1 2018-08-16 Books
© Grace Bible College Library 2025